| 000 | 00421nam a2200169 4500 | ||
|---|---|---|---|
| 003 | LK-CoMWRAF | ||
| 005 | 20230825060156.0 | ||
| 008 | 230825b1993 |||||||| |||| 00| 0 eng d | ||
| 020 | _a0002241935 | ||
| 040 |
_aLK-CoMWRAF _dLK-CoMWRAF _eLK-CoMWRAF |
||
| 082 |
_a823 _bHOL |
||
| 100 | _aHolt, Victoria | ||
| 245 | _aThe Black opal | ||
| 260 |
_aLondon _bHarperCollins, _c1993 |
||
| 650 | _aEnglish Fiction | ||
| 942 | _cBK | ||
| 999 |
_c3254 _d3254 |
||